000 00493nam a2200205Ia 4500
003 OSt
005 20140312134051.0
008 140130s9999 xx 000 0 und d
020 _a0439698960
050 _aPZ 7
_b.Ev8775El 2004
100 _aEvans, Douglas
245 _aThe elevator family /
_cDouglas Evans.
260 _bScholastic,
_c2004.
_aNew York :
300 _a87 p. :
_bill. ;
_c18 cm.
440 _v1
521 _aG3
526 _c520
942 _cBK
_2lcc
999 _c40589
_d40589